000 00317nam a2200133Ia 4500
005 20260328101523.0
008 260328s9999||||xx |||||||||||||| ||und||
100 _aMerton, R.K.
245 0 _aSociologĂ­a de la Vivienda /
_cR.K. Merton
260 _bEdiciones 3
300 _a289 p.
650 _aVIVIENDA
942 _cBK
999 _c9685
_d9685